000 00523nam a22001937a 4500
003 KOHA_MİRAKIL
005 20250429163848.0
008 250429b tu ||||| |||| 00| 0 tur d
020 _a9786059248945
040 _aTR-AnABB
_btur
_cTR-AnABB
041 _atur
082 _a813.42
_bKAR 2020
100 1 _aKarakaya, Hakan,
245 1 0 _aÇirkin /
_cHakan Karakaya
260 _aİstanbul :
_bScala Yayıncılık,
_c2020
300 _a211 sayfa ;
_c19 cm
650 0 4 _aTürk edebiyatı, roman
942 _2ddc
_cBK
999 _c8867
_d8867
900 _bGizem YORULMAZ